[Event "Tournoi Skype 027A"]
[Site "Skype"]
[Date "????.??.??"]
[Round "1.1"]
[White "Le Brun, Yves"]
[Black "Siret, Bernard"]
[Result "0-1"]
[WhiteElo "1611"]
[BlackElo "2106"]
[PlyCount "72"]

1. d4 c5 2. e3 f5 3. Nf3 Nf6 4. c3 e6 5. Nbd2 b6 6. dxc5 Bxc5 7. Bc4 Bb7 8. b4
Be7 9. O-O O-O 10. Nb3 Qc7 11. Qe2 Ng4 12. Nbd2 d5 13. h3 Ne5 14. Nxe5 Qxe5 15.
Bd3 Qxc3 16. Nb3 Qxb4 17. Bb2 Bf6 18. Rac1 Bxb2 19. Qxb2 Nc6 20. a3 Qd6 21.
Rfe1 Rac8 22. f4 Nb8 23. Nd4 Nd7 24. Nb5 Qb8 25. Qb4 Nc5 26. Bb1 Ba6 27. Nd4
Bc4 28. Rxc4 dxc4 29. Qxc4 g6 30. Nxe6 Nxe6 31. Qxe6+ Kh8 32. Ba2 Qb7 33. Rd1
Rfe8 34. Qf6+ Qg7 35. Qd6 Rxe3 36. Be6 Re8 0-1

[Event "Tournoi Skype 027A"]
[Site "Skype"]
[Date "????.??.??"]
[Round "1.2"]
[White "Harmelle, Dominique"]
[Black "Figueroa, Tomas"]
[Result "0-1"]
[WhiteElo "1507"]
[BlackElo "2093"]
[PlyCount "50"]

1. d4 Nf6 2. Bf4 g6 3. Nc3 Bg7 4. e4 d6 5. Be2 O-O 6. Nf3 Nbd7 7. Qd2 e5 8.
dxe5 dxe5 9. Bh6 c6 10. Bxg7 Kxg7 11. h3 Qb6 12. O-O-O Qxf2 13. g4 Nc5 14. Qg5
h6 15. Qxe5 Qe3+ 16. Kb1 Re8 17. Qd4 Qxd4 18. Rxd4 Ncxe4 19. Nxe4 Nxe4 20. Rhd1
Nf2 21. Re1 Be6 22. Bf1 Bd5 23. Rxe8 Rxe8 24. Rxd5 cxd5 25. Bb5 Re3 0-1

[Event "Tournoi Skype 027A"]
[Site "Skype"]
[Date "????.??.??"]
[Round "1.3"]
[White "Benson, Paul"]
[Black "Aranzubia, Desiderio"]
[Result "1-0"]
[WhiteElo "2080"]
[BlackElo "1602"]
[PlyCount "49"]

1. e4 c5 2. Nf3 Nc6 3. d4 cxd4 4. Nxd4 d6 5. c4 Nf6 6. Nc3 Qc7 7. Be2 a6 8. O-O
e6 9. Kh1 Be7 10. f4 e5 11. Nf5 O-O 12. Nxe7+ Qxe7 13. f5 h6 14. Be3 Qc7 15.
Qd2 Kh7 16. g4 g5 17. fxg6+ fxg6 18. Bxh6 Rf7 19. Rxf6 Rxf6 20. Nd5 Qf7 21.
Nxf6+ Qxf6 22. Rf1 Qh4 23. Bg5 Qh3 24. Rf3 Bxg4 25. Rxh3+ 1-0

[Event "Tournoi Skype 027A"]
[Site "Skype"]
[Date "????.??.??"]
[Round "1.4"]
[White "Carballo, Jorge"]
[Black "Prasath, Malola"]
[Result "1/2-1/2"]
[WhiteElo "1594"]
[BlackElo "2035"]
[PlyCount "118"]

1. d4 Nc6 2. e4 e5 3. Nf3 exd4 4. Nxd4 Bc5 5. Be3 Qf6 6. c3 Nge7 7. Be2 O-O 8.
O-O Bb6 9. Qd2 h6 10. Nxc6 Nxc6 11. Bxb6 axb6 12. Na3 Nd8 13. Nc2 Ne6 14. Nd4
Nf4 15. Nf3 Ra5 16. g3 Nxe2+ 17. Qxe2 d5 18. exd5 Bg4 19. Kg2 Rxd5 20. Qe4 Be6
21. Rad1 Rfd8 22. Qe2 b5 23. Rxd5 Rxd5 24. Rd1 Rh5 25. h4 g5 26. Nxg5 Rxg5 27.
hxg5 Qxg5 28. Qd2 Qh5 29. Qd8+ Kh7 30. Rd4 Bh3+ 31. Kg1 Qf3 32. Qd5 Qxd5 33.
Rxd5 c6 34. Rd4 Kg6 35. g4 h5 36. f3 hxg4 37. fxg4 Kg5 38. Rd7 f6 39. Rxb7 Bxg4
40. Rc7 Bf3 41. Kf2 Kf4 42. Rf7 f5 43. b3 Be4 44. a4 Bd5 45. Rb7 bxa4 46. bxa4
Ke4 47. a5 c5 48. Rb8 Kd3 49. Rd8 Kc4 50. a6 Be4 51. a7 Kxc3 52. a8=Q Bxa8 53.
Rxa8 c4 54. Ke3 f4+ 55. Kxf4 Kd2 56. Ke4 c3 57. Rd8+ Ke2 58. Rc8 Kd2 59. Rd8+
Ke2 1/2-1/2

[Event "Tournoi Skype 027A"]
[Site "Skype"]
[Date "????.??.??"]
[Round "1.5"]
[White "Deville, Olivier"]
[Black "Yardimci, Ertan"]
[Result "1/2-1/2"]
[WhiteElo "2023"]
[BlackElo "1591"]
[PlyCount "65"]

1. d4 Nf6 2. c4 g6 3. Nc3 Bg7 4. Nf3 d6 5. g3 Nbd7 6. Bg2 O-O 7. O-O c5 8. d5
Nb6 9. Qd3 Qc7 10. Rb1 a6 11. b3 Nbd7 12. Bb2 Re8 13. e4 Nh5 14. Ne2 Nhf6 15.
Nd2 Ne5 16. Qc2 Bg4 17. f3 Bd7 18. h3 Bc8 19. f4 Ned7 20. Nf3 e5 21. fxe5 Nxe5
22. Nxe5 dxe5 23. g4 Nd7 24. Nc3 b6 25. Rbd1 Qd6 26. a4 Rf8 27. Qf2 Nf6 28. Qg3
Ne8 29. Ba3 Qc7 30. Rd2 Nd6 31. Bb2 Qe7 32. Rdf2 f6 33. h4 1/2-1/2

[Event "Tournoi Skype 027A"]
[Site "Skype"]
[Date "????.??.??"]
[Round "1.6"]
[White "Aceituno, Stebe"]
[Black "Lopez, Jose Luis"]
[Result "0-1"]
[WhiteElo "1590"]
[BlackElo "1951"]
[PlyCount "52"]

1. Nf3 Nf6 2. b3 g6 3. Bb2 Bg7 4. c4 c5 5. g3 b6 6. Bg2 Bb7 7. O-O O-O 8. d3 d5
9. cxd5 Nxd5 10. Bxg7 Kxg7 11. Nbd2 Nc6 12. Nc4 f6 13. d4 Nc3 14. Qd2 Nxd4 15.
Nxd4 Bxg2 16. Kxg2 Qxd4 17. e3 Qxd2 18. Nxd2 Rfd8 19. Nc4 Rd5 20. Rfc1 Ne4 21.
Rc2 Rad8 22. a4 Rd1 23. Rxd1 Rxd1 24. f3 Nd6 25. Rd2 Nxc4 26. Rxd1 Nxe3+ 0-1

[Event "Tournoi Skype 027A"]
[Site "Skype"]
[Date "????.??.??"]
[Round "1.7"]
[White "Ibarra Cantu, Raul Alberto"]
[Black "Salazar Ticeran, Antonio"]
[Result "1-0"]
[WhiteElo "1923"]
[BlackElo "1589"]
[PlyCount "71"]

1. e4 c5 2. Nf3 Nc6 3. d4 cxd4 4. Nxd4 Nf6 5. Nc3 d6 6. Bg5 Qa5 7. Bb5 Bd7 8.
Nb3 Qc7 9. O-O a6 10. Be2 h6 11. Be3 b5 12. Qd2 Ne5 13. f3 Be6 14. Nd4 Bc4 15.
b3 Bxe2 16. Ncxe2 Rc8 17. a4 g5 18. axb5 a5 19. Qxa5 Qxa5 20. Rxa5 Bg7 21. Nf5
Kf8 22. c4 Ne8 23. Nxg7 Kxg7 24. Ra7 e6 25. Rfa1 Nf6 26. Nd4 g4 27. Kf2 Nd3+
28. Ke2 Nc5 29. b4 Ncd7 30. Nc6 Ne5 31. Nxe5 dxe5 32. c5 h5 33. b6 Rb8 34. c6
Rhc8 35. c7 gxf3+ 36. gxf3 1-0

[Event "Tournoi Skype 027A"]
[Site "Skype"]
[Date "????.??.??"]
[Round "1.8"]
[White "Thoune, Jim"]
[Black "Mayor Martinez, Juan Jose"]
[Result "0-1"]
[WhiteElo "1589"]
[BlackElo "1882"]
[PlyCount "76"]

1. d4 Nf6 2. c4 e6 3. Nc3 d5 4. e3 c6 5. Nf3 Nbd7 6. cxd5 exd5 7. Bd3 Be7 8.
O-O O-O 9. Bd2 Qc7 10. Rc1 Qb8 11. Qc2 Bd6 12. h3 Re8 13. Ng5 h6 14. Nxf7 Kxf7
15. Bg6+ Kf8 16. Bxe8 Nxe8 17. e4 dxe4 18. Nxe4 Bh2+ 19. Kh1 Bf4 20. Be3 Ndf6
21. Qc5+ Kg8 22. Bxf4 Qxf4 23. Nxf6+ Nxf6 24. Qe5 Qd2 25. Rc3 Bd7 26. Rg3 Rf8
27. Rb3 b6 28. Qe3 Qc2 29. Rc1 Qg6 30. Qe2 Qf7 31. Re3 Qxa2 32. Ra3 Qd5 33. f3
a5 34. Qe5 Qf7 35. Qc7 Nd5 36. Qg3 Qe7 37. Re1 Qb4 38. Re2 Qxd4 0-1

[Event "Tournoi Skype 027A"]
[Site "Skype"]
[Date "????.??.??"]
[Round "1.9"]
[White "Rico Hernandez, Edgar"]
[Black "Gharbi, Said"]
[Result "1-0"]
[WhiteElo "1882"]
[BlackElo "1578"]
[PlyCount "135"]

1. d4 e5 2. dxe5 Nc6 3. Nf3 Qe7 4. Nc3 Nxe5 5. e3 d6 6. Be2 Bf5 7. Bd2 O-O-O 8.
Nd4 Bd7 9. O-O Nf6 10. a4 Kb8 11. b4 Nc6 12. Nxc6+ Bxc6 13. b5 Bd5 14. Nxd5
Nxd5 15. Bf3 Nb6 16. Bb4 Qh4 17. c3 d5 18. Bxf8 Rhxf8 19. a5 Nc4 20. Ra4 c6 21.
bxc6 bxc6 22. a6 Kc7 23. Qc2 Rb8 24. Rb4 Rxb4 25. cxb4 Rb8 26. Qc3 f6 27. Rb1
Rb5 28. g3 Qg5 29. Rc1 Qe5 30. Qd3 g6 31. Rb1 f5 32. Be2 Qe4 33. Qd1 Kb6 34.
Bd3 Qe7 35. Bxc4 dxc4 36. Qd4+ c5 37. bxc5+ Qxc5 38. Qf6+ Qc6 39. Qd4+ Kxa6 40.
Rc1 Rc5 41. Ra1+ Kb7 42. Qg7+ Qc7 43. Rb1+ Ka6 44. Ra1+ Kb6 45. Rb1+ Ka6 46.
Qa1+ Ra5 47. Qf6+ Qb6 48. Rxb6+ axb6 49. Qf7 c3 50. Qc4+ b5 51. Qxc3 Ra4 52.
Qc6+ Ka5 53. Qc7+ Kb4 54. Qxh7 Ra1+ 55. Kg2 Ra5 56. Qxg6 Ka4 57. Qxf5 b4 58.
Qd7+ Kb3 59. Qd1+ Kc4 60. Qc2+ Kb5 61. h4 Ra3 62. h5 b3 63. Qb2 Kb4 64. h6 Ra7
65. Qb1 Kc3 66. h7 Ra8 67. Qc1+ Kb4 68. Qb2 1-0

[Event "Tournoi Skype 027A"]
[Site "Skype"]
[Date "????.??.??"]
[Round "1.10"]
[White "Aclan, Levent"]
[Black "Rapaire, Jean-Michel"]
[Result "0-1"]
[WhiteElo "1571"]
[BlackElo "1880"]
[PlyCount "76"]

1. e4 d6 2. d4 e5 3. Bc4 exd4 4. c3 Be6 5. Bxe6 fxe6 6. Qb3 Qc8 7. cxd4 Nf6 8.
Nc3 Nc6 9. Nge2 Be7 10. Be3 Ng4 11. O-O O-O 12. h3 Nxe3 13. fxe3 Qd7 14. Nf4
Nd8 15. Rf3 c6 16. Raf1 d5 17. exd5 cxd5 18. Kh1 Bd6 19. Nfxd5 Rxf3 20. Rxf3
exd5 21. Qxd5+ Qe6 22. Qh5 g6 23. Qb5 Rc8 24. d5 Qe5 25. Kg1 Rc7 26. Kf2 Nf7
27. Qd3 Ng5 28. Rf4 Rf7 29. Rxf7 Qg3+ 30. Kf1 Kxf7 31. Qd4 Qe5 32. Qxa7 Qf5+
33. Kg1 Ne4 34. Qxb7+ Kf6 35. Nxe4+ Qxe4 36. Qb3 Bg3 37. Qb6+ Kg5 38. Kf1 Qd3+
0-1

[Event "Tournoi Skype 027A"]
[Site "Skype"]
[Date "????.??.??"]
[Round "1.11"]
[White "Khabou, Taha"]
[Black "Mordaa, Ahmad"]
[Result "1-0"]
[WhiteElo "1875"]
[BlackElo "1571"]
[PlyCount "33"]

1. d4 e5 2. dxe5 Nc6 3. Nf3 Qe7 4. Bg5 Qb4+ 5. Nc3 Qxb2 6. Bd2 Qb6 7. Nd5 Qb2
8. Rb1 Qxa2 9. Nxc7+ Kd8 10. Nxa8 Qe6 11. e3 Nxe5 12. Nxe5 Qxe5 13. Rb5 Qb8 14.
Ba5+ b6 15. Nxb6 axb6 16. Rxb6 Bb4+ 17. Rxb4+ 1-0

[Event "Tournoi Skype 027A"]
[Site "Skype"]
[Date "????.??.??"]
[Round "1.12"]
[White "Castillo, Jesus"]
[Black "Jose Polanco, Kenia"]
[Result "0-1"]
[WhiteElo "1568"]
[BlackElo "1866"]
[PlyCount "136"]

1. e4 c5 2. Nf3 g6 3. c3 Bg7 4. d4 cxd4 5. cxd4 d5 6. e5 Bg4 7. h3 Bxf3 8. Qxf3
Nc6 9. Qd1 Qb6 10. b3 Qxd4 11. Qxd4 Nxd4 12. Na3 Bxe5 13. Rb1 Nf6 14. Bb2 O-O
15. f4 Bd6 16. Bxd4 Bxa3 17. Rd1 Bb4+ 18. Ke2 Ne4 19. Kf3 Rfc8 20. Bd3 Nc3 21.
Bxc3 Rxc3 22. Ke2 Rac8 23. h4 Bd6 24. g3 f6 25. h5 g5 26. Bf5 R8c5 27. Be6+ Kf8
28. Bxd5 Rc2+ 29. Kf1 Rxa2 30. b4 Rxd5 31. Rxd5 gxf4 32. gxf4 Bxf4 33. Rd8+ Kf7
34. Rh4 Bg5 35. Rc4 a5 36. bxa5 Rxa5 37. Rc7 b6 38. Rdd7 f5 39. Rc6 Be3 40. Ke2
f4 41. Rcc7 Bc5 42. Kf3 Ke6 43. Rd1 Ra3+ 44. Ke4 f3 45. Rc6+ Kf7 46. Rf1 f2 47.
Rh6 Kg7 48. Re6 Rg3 49. h6+ Kf7 50. Re5 Rg1 51. Rf5+ Kg6 52. R5xf2 Bxf2 53.
Rxf2 Kxh6 54. Rb2 Rg6 55. Kf5 Kg7 56. Rb3 Kf7 57. Rh3 h6 58. Rb3 Rg5+ 59. Kf4
b5 60. Rh3 Kg6 61. Rb3 h5 62. Re3 e5+ 63. Ke4 Kf6 64. Rb3 Rg4+ 65. Kf3 b4 66.
Re3 Rc4 67. Kf2 Kf5 68. Rf3+ Rf4 0-1

[Event "Tournoi Skype 027A"]
[Site "Skype"]
[Date "????.??.??"]
[Round "1.13"]
[White "Diaz, Jose Garcia"]
[Black "Leyton Calderon, Jairo Oswaldo"]
[Result "1/2-1/2"]
[WhiteElo "1860"]
[BlackElo "1555"]
[PlyCount "53"]

1. e4 c5 2. Nf3 g6 3. Bc4 Bg7 4. c3 Nf6 5. d3 O-O 6. O-O Nc6 7. Be3 d6 8. d4
Nxe4 9. Nbd2 cxd4 10. cxd4 Nxd2 11. Qxd2 Qa5 12. Qe2 Bg4 13. Rfd1 Qh5 14. Rac1
a6 15. Rd2 Rac8 16. h3 Bxf3 17. Qxf3 Qxf3 18. gxf3 Na5 19. Rdc2 Nxc4 20. Rxc4
Rxc4 21. Rxc4 Rb8 22. Rc7 Kf8 23. Bg5 f6 24. Be3 Ke8 25. d5 Kd8 26. Bb6 Ke8 27.
Ba7 1/2-1/2

[Event "Tournoi Skype 027A"]
[Site "Skype"]
[Date "????.??.??"]
[Round "1.14"]
[White "Ortiz, Vladimir"]
[Black "Grosso, Raul"]
[Result "0-1"]
[WhiteElo "1553"]
[BlackElo "1851"]
[PlyCount "78"]

1. d4 Nf6 2. Bg5 Ne4 3. Bf4 g5 4. Nd2 Nxd2 5. Bxd2 h6 6. c3 d5 7. h3 Bg7 8. e3
Bf5 9. Bc1 Nd7 10. Bd3 Bxd3 11. Qxd3 c6 12. Nf3 O-O 13. O-O Qc7 14. Nd2 e5 15.
Nf3 e4 16. Qe2 exf3 17. Qxf3 f5 18. Bd2 Qd6 19. a3 Qg6 20. Qe2 Nf6 21. f3 Rae8
22. Qd3 Kh7 23. Rae1 Nh5 24. Kh2 f4 25. Qxg6+ Kxg6 26. exf4 Nxf4 27. Bxf4 gxf4
28. Kg1 Bf6 29. Rxe8 Rxe8 30. Rb1 Re2 31. Kf1 Rc2 32. a4 Bh4 33. Kg1 Kf5 34.
Kf1 Ke6 35. Kg1 Kd6 36. Kf1 Bf2 37. a5 Be3 38. a6 b6 39. h4 Rf2+ 0-1

[Event "Tournoi Skype 027A"]
[Site "Skype"]
[Date "????.??.??"]
[Round "1.16"]
[White "Junqueira, Leonardo De Faria"]
[Black "Segura Lozano, Marcos Antonio"]
[Result "1-0"]
[WhiteElo "1541"]
[BlackElo "1808"]
[PlyCount "161"]

1. e4 d6 2. d4 g6 3. h3 Bg7 4. Nf3 Nd7 5. Bg5 h6 6. Bh4 c6 7. c3 Qb6 8. Qb3 e5
9. Bc4 Qxb3 10. Bxb3 g5 11. Bg3 Ne7 12. Na3 Ng6 13. Nc4 Ke7 14. O-O-O b5 15.
Na5 c5 16. Nc6+ Ke8 17. dxc5 dxc5 18. Na5 c4 19. Bc2 Bf8 20. Rd5 b4 21. Nxc4
Bb7 22. Nd6+ Bxd6 23. Rxd6 f6 24. Rhd1 Rh7 25. Ba4 Ngf8 26. Rxf6 bxc3 27. bxc3
Bxe4 28. Nxe5 Rb8 29. Nxd7 Rb1+ 30. Kd2 Rxd1+ 31. Kxd1 Nxd7 32. Re6+ Re7 33.
Rxh6 Kf7 34. f3 Bg6 35. Rh8 Nb6 36. Bb3+ Kg7 37. Rd8 Kf6 38. Bf2 Ke5 39. g3
Rd7+ 40. Bd4+ Kd6 41. Rg8 Bd3 42. Rxg5 Nc4 43. Bxc4 Bxc4 44. a3 Rb7 45. h4 Rb2
46. Bxa7 Be2+ 47. Kc1 Ra2 48. f4 Rxa3 49. Bb8+ Kd7 50. Kd2 Ra2+ 51. Ke3 Bd1 52.
Rd5+ Kc8 53. Rxd1 Kxb8 54. Kf3 Ra7 55. Rd3 Rh7 56. Kg4 Rg7+ 57. Kf3 Rh7 58. f5
Kb7 59. Kf4 Kc6 60. Kg5 Kc5 61. h5 Rg7+ 62. Kf4 Kc4 63. Re3 Kd5 64. g4 Kd6 65.
g5 Rg8 66. g6 Rh8 67. Kg5 Kd7 68. f6 Rf8 69. h6 Ra8 70. g7 Ra1 71. Kg6 Rg1+ 72.
Kh7 Rg2 73. g8=Q Rxg8 74. Kxg8 Kc6 75. f7 Kd5 76. f8=Q Kc4 77. Qf4+ Kd5 78.
Qd4+ Kc6 79. Re5 Kc7 80. Re6 Kb7 81. Qd7+ 1-0

[Event "Tournoi Skype 027A"]
[Site "Skype"]
[Date "????.??.??"]
[Round "1.17"]
[White "Karia, Vijay"]
[Black "Alvarez, Juan Evangelista"]
[Result "1-0"]
[WhiteElo "1800"]
[BlackElo "1540"]
[PlyCount "135"]

1. e4 Nf6 2. Nc3 e5 3. Bc4 Bb4 4. d3 Bxc3+ 5. bxc3 O-O 6. f4 exf4 7. Bxf4 d6 8.
h3 c5 9. Nf3 Qa5 10. Qd2 Nc6 11. Bxd6 Rd8 12. Bf4 Nxe4 13. Qd1 Qxc3+ 14. Nd2
Nxd2 15. Bxd2 Re8+ 16. Kf2 Qf6+ 17. Kg1 Qd4+ 18. Kh2 Ne5 19. Re1 Bd7 20. Re4
Qd6 21. Kh1 Bc6 22. Rf4 Nxc4 23. Rxc4 Qe6 24. Rg4 Rad8 25. Qf1 f5 26. Rg3 Rf8
27. Bg5 Rd7 28. Re3 Qf7 29. Rae1 Qxa2 30. Be7 Rf7 31. Bxc5 h6 32. R3e2 Rd5 33.
c4 Qxe2 34. Rxe2 Rxc5 35. Ra2 a5 36. d4 f4 37. dxc5 f3 38. g4 Re7 39. Kh2 a4
40. Rd2 a3 41. Rd8+ Kf7 42. Rd2 Re3 43. Qf2 Rb3 44. Kg3 g5 45. Qd4 Rb2 46. Rxb2
axb2 47. Qxb2 Kg6 48. Qe5 Kf7 49. Qh8 Kg6 50. Qg8+ Kf6 51. Qh7 Ke5 52. Qxh6 Kd4
53. Qxg5 Kxc4 54. h4 Kd3 55. h5 Ke2 56. Qe5+ Kd3 57. h6 Be4 58. Qxe4+ Kxe4 59.
Kf2 Kf4 60. h7 Kxg4 61. h8=Q Kf4 62. Qf8+ Ke5 63. Kxf3 Kd5 64. Qd6+ Kc4 65. Ke4
Kb5 66. Kd5 Ka5 67. Qb6+ Ka4 68. Qxb7 1-0

[Event "Tournoi Skype 027A"]
[Site "Skype"]
[Date "????.??.??"]
[Round "1.18"]
[White "Trivedi, Viral"]
[Black "Caputi, Giuliano"]
[Result "1-0"]
[WhiteElo "1535"]
[BlackElo "1785"]
[PlyCount "27"]

1. d4 d5 2. Bf4 Nf6 3. e3 c6 4. Bd3 h6 5. c3 Nbd7 6. Nd2 e6 7. Ngf3 c5 8. Rc1
b6 9. Bb1 Ba6 10. Ne5 Nxe5 11. Bxe5 Nd7 12. Nf3 Nxe5 13. Nxe5 Qc7 14. Qa4+ 1-0

[Event "Tournoi Skype 027A"]
[Site "Skype"]
[Date "????.??.??"]
[Round "1.19"]
[White "Martinez Quintero, Javier"]
[Black "Gadow, Martin"]
[Result "1-0"]
[WhiteElo "1773"]
[BlackElo "1530"]
[PlyCount "29"]

1. d4 Nf6 2. c4 e6 3. Nf3 d5 4. Nc3 Bb4 5. e3 O-O 6. Qc2 c5 7. a3 Qa5 8. Bd2
Nc6 9. dxc5 Bxc5 10. cxd5 Qd8 11. dxc6 bxc6 12. Bd3 Qc7 13. Ne4 Nxe4 14. Bxe4
h6 15. Qxc5 1-0

[Event "Tournoi Skype 027A"]
[Site "Skype"]
[Date "????.??.??"]
[Round "1.20"]
[White "Lucena Vaz, Jose"]
[Black "Legueltel, Daniel"]
[Result "0-1"]
[WhiteElo "1527"]
[BlackElo "1747"]
[PlyCount "128"]

1. e4 e5 2. Nf3 Nc6 3. Bb5 a6 4. Ba4 d6 5. h3 Bd7 6. c3 Nf6 7. O-O Be7 8. Re1
O-O 9. d4 exd4 10. cxd4 b5 11. Bc2 Na5 12. Nbd2 c5 13. d5 Rc8 14. b3 Re8 15.
Bb2 c4 16. bxc4 Nxc4 17. Nxc4 Rxc4 18. Qd3 g6 19. Nd2 Rc7 20. Rac1 Nh5 21. Qd4
Bf6 22. Qb4 Bxb2 23. Qxb2 Qf6 24. Qxf6 Nxf6 25. g4 Rec8 26. Nb3 Rxc2 27. Ra1
R2c4 28. f3 Rc3 29. Kg2 Kg7 30. Kg3 Ne8 31. Nd4 R8c4 32. Ne2 Rc2 33. Nc1 b4 34.
Nb3 Nc7 35. Na5 Rd4 36. Nb7 Nb5 37. Na5 Rdd2 38. Nb3 Rg2+ 39. Kf4 Rxa2 40. Rac1
Rgc2 41. e5 dxe5+ 42. Kxe5 Rxc1 43. Nxc1 f6+ 44. Kf4 Kf7 45. h4 Ra1 46. Nd3
Rxe1 47. Nxe1 b3 48. Nd3 Nc3 49. Nb2 Bb5 50. g5 a5 51. Ke3 a4 52. Kd4 Ne2+ 53.
Kc5 a3 54. Kxb5 axb2 55. Kc6 b1=Q 56. gxf6 Qc1+ 57. Kd7 b2 58. Kd8 b1=Q 59. d6
Qcc2 60. Kd7 Qc8+ 61. Kxc8 Qc1+ 62. Kd7 Kxf6 63. Kd8 Ke6 64. d7 Qc6 0-1

[Event "Tournoi Skype 027A"]
[Site "Skype"]
[Date "????.??.??"]
[Round "1.21"]
[White "Engstrom, Olle"]
[Black "Navghane, Rahul"]
[Result "1-0"]
[WhiteElo "1723"]
[BlackElo "1527"]
[PlyCount "73"]

1. e4 d5 2. exd5 Nf6 3. c4 e6 4. Nc3 exd5 5. cxd5 Nxd5 6. Bc4 Nb6 7. Bb3 Bc5 8.
Bxf7+ Kxf7 9. Qh5+ g6 10. Qxc5 Re8+ 11. Nge2 Be6 12. d4 N8d7 13. Qa3 Nc4 14.
Qb4 Ndb6 15. Bf4 a5 16. Qc5 Rc8 17. b3 Nd6 18. O-O Nd7 19. Qxa5 b6 20. Qg5 Qxg5
21. Bxg5 Bf5 22. Ng3 c5 23. d5 b5 24. Bf4 Ne4 25. Ngxe4 Bxe4 26. Nxb5 g5 27.
Nd6+ Kg6 28. Nxe8 gxf4 29. Nd6 Bxg2 30. Kxg2 Rf8 31. Rfe1 f3+ 32. Kg3 Kg5 33.
Re7 Nf6 34. Ne4+ Nxe4+ 35. Rxe4 h5 36. Rd1 Rf5 37. d6 1-0

[Event "Tournoi Skype 027A"]
[Site "Skype"]
[Date "????.??.??"]
[Round "1.22"]
[White "Vello, Pablo"]
[Black "Saponara, Jose Maria"]
[Result "1/2-1/2"]
[WhiteElo "1527"]
[BlackElo "1714"]
[PlyCount "53"]

1. d4 Nf6 2. Nc3 e6 3. e4 Bb4 4. Bd2 Bxc3 5. Bxc3 Nxe4 6. Qd3 Nxc3 7. Qxc3 O-O
8. O-O-O Nc6 9. Ne2 a5 10. Kb1 b5 11. Nc1 b4 12. Qc5 Ba6 13. Bxa6 Rxa6 14. h4
a4 15. Qc4 Qa8 16. Nd3 Rb8 17. Nc5 Ra5 18. Nxd7 Rbb5 19. g4 b3 20. cxb3 axb3
21. a3 Rb4 22. Qd3 Rxd4 23. Qxb3 Rad5 24. Rxd4 Nxd4 25. Qb8+ Qxb8 26. Nxb8 Rd6
27. Rc1 1/2-1/2

[Event "Tournoi Skype 027A"]
[Site "Skype"]
[Date "????.??.??"]
[Round "1.23"]
[White "Montalvo, Mario"]
[Black "Ram, Madhukesh"]
[Result "1-0"]
[WhiteElo "1707"]
[BlackElo "1523"]
[PlyCount "53"]

1. d4 Nf6 2. Nc3 d5 3. Bf4 e6 4. Nb5 Bb4+ 5. c3 Ba5 6. a4 a6 7. b4 axb5 8. axb5
Ne4 9. bxa5 Nxc3 10. Qb3 Ne4 11. Nf3 Nd7 12. e3 c6 13. b6 Nxb6 14. Bd3 Nd7 15.
Qb4 Ndf6 16. O-O Qe7 17. Qb6 O-O 18. Ne5 Rd8 19. a6 Nd7 20. Qc7 Rb8 21. axb7
Rxb7 22. Nxc6 Rxc7 23. Nxe7+ Kf8 24. Bxc7 Re8 25. Nxc8 Rxc8 26. Rfc1 Nef6 27.
Ba6 1-0

[Event "Tournoi Skype 027A"]
[Site "Skype"]
[Date "????.??.??"]
[Round "1.24"]
[White "Kruzeniski, Randy"]
[Black "Quintero Gemio, Antonio Joaquin"]
[Result "0-1"]
[WhiteElo "1509"]
[BlackElo "1684"]
[PlyCount "96"]

1. d4 e6 2. Nf3 f5 3. g3 d5 4. Bg2 Nf6 5. O-O Bd6 6. Nbd2 O-O 7. c4 c6 8. c5
Bc7 9. b4 a5 10. Qb3 b5 11. Bb2 a4 12. Qc3 Nbd7 13. e3 Ne4 14. Nxe4 fxe4 15.
Nd2 Nf6 16. h3 Bd7 17. a3 Qc8 18. g4 h6 19. f3 exf3 20. Bxf3 Qd8 21. Bg2 Nh7
22. Rxf8+ Qxf8 23. Rf1 Qe7 24. Nf3 Rf8 25. Qe1 Ng5 26. Nxg5 Rxf1+ 27. Qxf1 Qxg5
28. Qf2 e5 29. dxe5 Bxe5 30. Bd4 Bxd4 31. exd4 Qc1+ 32. Kh2 Qxa3 33. Qe1 Kf7
34. Qf2+ Ke7 35. Qh4+ Ke8 36. Qe1+ Kd8 37. Qh4+ Kc8 38. Qe7 Qxb4 39. Qf8+ Kb7
40. Qxg7 Kc7 41. Qe5+ Kc8 42. Qh8+ Kb7 43. Qg8 Qxd4 44. Qd8 Qf4+ 45. Kh1 Qc7
46. Qf6 a3 47. Qc3 a2 48. Qb2 Qa5 0-1

[Event "Tournoi Skype 027A"]
[Site "Skype"]
[Date "????.??.??"]
[Round "1.25"]
[White "Bautista, Leidy"]
[Black "Ramirez Reina, Orlando"]
[Result "1-0"]
[WhiteElo "1683"]
[BlackElo "1497"]
[PlyCount "81"]

1. b3 Nf6 2. Bb2 g6 3. c4 c5 4. Nc3 Nc6 5. Nd5 Bg7 6. Nxf6+ Bxf6 7. Bxf6 exf6
8. g3 d5 9. e3 Be6 10. d3 Qa5+ 11. Qd2 Qxd2+ 12. Kxd2 Rd8 13. Kc3 d4+ 14. exd4
cxd4+ 15. Kd2 O-O 16. Bg2 Rd7 17. Ne2 g5 18. h4 Kg7 19. Rh2 Rh8 20. Rah1 g4 21.
Nf4 h5 22. Re1 Re7 23. Rhh1 Ne5 24. Re2 Nf3+ 25. Bxf3 gxf3 26. Re4 Rd7 27.
Nxe6+ fxe6 28. Rxe6 Kf7 29. Rhe1 Rhd8 30. b4 Kg6 31. a4 Rd6 32. Re7 R8d7 33. c5
Rd5 34. Rxd7 Rxd7 35. b5 Kf7 36. Re4 Re7 37. a5 f5 38. Rxe7+ Kxe7 39. b6 a6 40.
c6 bxc6 41. b7 1-0

[Event "Tournoi Skype 027A"]
[Site "Skype"]
[Date "????.??.??"]
[Round "1.26"]
[White "Hague, Mark"]
[Black "Calderon, Francisco"]
[Result "0-1"]
[WhiteElo "1490"]
[BlackElo "1683"]
[PlyCount "26"]

1. d4 d5 2. Nc3 Nf6 3. Bf4 e6 4. e3 a6 5. Bd3 c5 6. dxc5 Bxc5 7. Nf3 Nc6 8. Ne5
d4 9. Ne4 Qa5+ 10. Qd2 Bb4 11. c3 dxc3 12. Nxc3 Nxe5 13. Bxe5 Qxe5 0-1

[Event "Tournoi Skype 027A"]
[Site "Skype"]
[Date "????.??.??"]
[Round "1.27"]
[White "Sepulveda, Lyda Marcela"]
[Black "Sauvaget, Joel"]
[Result "1-0"]
[WhiteElo "1672"]
[BlackElo "1467"]
[PlyCount "99"]

1. e4 e5 2. Nf3 Nc6 3. Bc4 h6 4. c3 d6 5. h3 Nf6 6. d3 Be7 7. O-O O-O 8. Re1
Na5 9. Bb5 Bd7 10. Bxd7 Qxd7 11. d4 exd4 12. cxd4 Nc6 13. Nc3 Qd8 14. Qb3 Rb8
15. Bf4 Nh5 16. Bh2 Nf6 17. Rad1 Qc8 18. d5 Na5 19. Qc2 b6 20. Ne2 Re8 21. Ned4
Nb7 22. Nc6 Ra8 23. b4 Nd8 24. Nfd4 Nxc6 25. Nxc6 Bf8 26. Qd3 Nd7 27. Bf4 Ne5
28. Qg3 Kh7 29. Nd4 Qd8 30. Bc1 Qf6 31. f4 Ng6 32. Bb2 Qh4 33. Qxh4 Nxh4 34.
Nb5 Re7 35. f5 a6 36. f6 gxf6 37. Bxf6 axb5 38. Bxh4 Ree8 39. Rf1 Kg8 40. Rf4
Bg7 41. Rdf1 Rf8 42. Rc1 Rae8 43. Rxc7 Be5 44. Rg4+ Kh7 45. Bf2 h5 46. Rg5 Kh6
47. Be3 Bf6 48. Rg8+ Kh7 49. Rxf8 Rxf8 50. Bxb6 1-0

[Event "Tournoi Skype 027A"]
[Site "Skype"]
[Date "????.??.??"]
[Round "1.28"]
[White "Marino, Giuseppe"]
[Black "Casey, Eamonn"]
[Result "0-1"]
[WhiteElo "1465"]
[BlackElo "1671"]
[PlyCount "102"]

1. d4 Nf6 2. e3 d5 3. Nf3 Bg4 4. Be2 Nbd7 5. O-O e6 6. Nbd2 Bd6 7. Re1 O-O 8.
h3 Bh5 9. Nh2 Bxe2 10. Rxe2 Rc8 11. Nhf3 c5 12. dxc5 Nxc5 13. c3 Qc7 14. a3 e5
15. Nf1 e4 16. Nd4 a6 17. Nf5 Be5 18. Nd4 Nd3 19. Rb1 Bxd4 20. cxd4 Nxc1 21.
Re1 Nd3 22. Re2 Qd7 23. b3 Rc3 24. Rc2 Rfc8 25. Rxc3 Rxc3 26. f3 Qc7 27. fxe4
dxe4 28. Nd2 Rc1 29. Rxc1 Qxc1 30. Qxc1 Nxc1 31. Kf1 Nd5 32. Kf2 f5 33. b4 b5
34. g3 Nd3+ 35. Ke2 Nc3+ 36. Kf1 Nb2 37. Kf2 Nc4 38. Nxc4 bxc4 39. g4 fxg4 40.
hxg4 Nb1 41. a4 c3 42. Ke2 c2 43. b5 c1=Q 44. b6 Qb2+ 45. Kf1 Qc3 46. b7 Qb4
47. d5 Qxb7 48. d6 Qd5 49. Ke2 Qxd6 50. a5 Qh2+ 51. Kd1 Qd2# 0-1

[Event "Tournoi Skype 027A"]
[Site "Skype"]
[Date "????.??.??"]
[Round "1.29"]
[White "Aravena, Alvaro"]
[Black "Zenini, Simone"]
[Result "1-0"]
[WhiteElo "1658"]
[BlackElo "1460"]
[PlyCount "65"]

1. e4 c5 2. Nf3 Nc6 3. d4 cxd4 4. Nxd4 Nf6 5. Nc3 g6 6. Be3 Bg7 7. f3 O-O 8.
Qd2 a6 9. O-O-O d6 10. Bh6 Qb6 11. Bxg7 Kxg7 12. Nb3 Be6 13. Nd5 Bxd5 14. exd5
Nb4 15. g4 a5 16. a3 a4 17. Na1 Na6 18. h4 h5 19. Bh3 Nc7 20. gxh5 Nxh5 21.
Rhe1 Rae8 22. Bd7 Ra8 23. Rxe7 Ne8 24. Rde1 Nef6 25. Bh3 Qb5 26. Rd1 Rae8 27.
Bf1 Qc5 28. Rxb7 Ng3 29. Bb5 Ra8 30. Bc6 Ra7 31. Rb4 Nf5 32. Bxa4 Ne3 33. Nb3
1-0

[Event "Tournoi Skype 027A"]
[Site "Skype"]
[Date "????.??.??"]
[Round "1.30"]
[White "Galani, Mahendra"]
[Black "Khunte, Aniruddha"]
[Result "0-1"]
[WhiteElo "1458"]
[BlackElo "1652"]
[PlyCount "42"]

1. Na3 Nf6 2. b3 e5 3. Nc4 Nc6 4. Bb2 d6 5. d3 Be7 6. Nd2 d5 7. Ngf3 e4 8. Nd4
Nxd4 9. Bxd4 Bg4 10. f3 Bf5 11. dxe4 dxe4 12. c3 O-O 13. Qc2 Qd5 14. fxe4 Nxe4
15. Qb2 Nxd2 16. Qxd2 Bh4+ 17. Kd1 Rad8 18. Qf4 Bg5 19. Qf2 Qe4 20. Rg1 Qc2+
21. Ke1 Qd2# 0-1